Adonis y el alfabeto y otros ensayos /

Guardado en:
Autor Principal: Huxley, Aldous
Formato: Libro
Publicado: Argentina : Sudamericana, 1958
Materias:
Etiquetas: Agregar Etiqueta
Sin Etiquetas, Sea el primero en etiquetar este registro!
LEADER 00472nam a22001695a 4500
001 CEM.cems003340
005 19000101000000.0
008 130507s1958##################000#0#####d
003 CEMS
082 0 4 |a 824.9 
100 1 |a Huxley, Aldous 
245 1 0 |a Adonis y el alfabeto y otros ensayos /  |c Aldous Huxley 
260 |a Argentina :  |b Sudamericana,  |c 1958 
300 |a 268 p. 
653 |a Ensayos 
653 |a Literatura 
859 |a CEMS  |b BIB. CEMS - 11 de abril  |h 824.9  |i H982  |p 6492.78  |t Ej.1